000 00464nam a22001817a 4500
020 _a9789359626895
082 _aM803
_bMUH/V
100 _aMuhammad Abbas
245 _aVisappu pranayam unmadam/
_cby Muhammad Abbas
250 _a13th ed.
260 _aKozhikode:
_bMathrubhumi Books,
_c2025.
300 _a191p.
650 _aMemoirs Muhammad Abbas
650 _aMemoirs Malayalam
650 _aLiterature Malayalam
650 _aLiterature
942 _cBK
999 _c181795
_d181795